MARC details
| 000 -CABECERA |
| campo de control de longitud fija |
02838nam a2200373 i 4500 |
| 001 - NÚMERO DE CONTROL |
| campo de control |
10477923 |
| 003 - IDENTIFICADOR DEL NÚMERO DE CONTROL |
| campo de control |
CaAEU |
| 005 - FECHA Y HORA DE LA ÚLTIMA TRANSACCIÓN |
| campo de control |
20250625143215.0 |
| 006 - CÓDIGOS DE INFORMACIÓN DE LONGITUD FIJA--CARACTERÍSTICAS DEL MATERIAL ADICIONAL |
| campo de control de longitud fija |
m o d |
| 007 - CAMPO FIJO DE DESCRIPCIÓN FÍSICA--INFORMACIÓN GENERAL |
| campo de control de longitud fija |
cr cnu|||unuuu |
| 008 - DATOS DE LONGITUD FIJA--INFORMACIÓN GENERAL |
| campo de control de longitud fija |
240528s2024 sz a o 001 0 eng d |
| 020 ## - NÚMERO INTERNACIONAL ESTÁNDAR DEL LIBRO |
| Número Internacional Estándar del Libro |
9783031531675 |
| 024 7# - IDENTIFICADOR DE OTROS ESTÁNDARES |
| Número estándar o código |
10.1007/978-3-031-53168-2 |
| Fuente del número o código |
doi |
| 035 ## - NÚMERO DE CONTROL DEL SISTEMA |
| Número de control de sistema |
on1435875773 |
| 039 ## - NIVEL DE CONTROL BIBLIOGRÁFICO Y DETALLES DE CODIFICACIÓN [OBSOLETO] |
| Nivel de reglas en descripción bibliográfica |
exclude |
| 040 ## - FUENTE DE LA CATALOGACIÓN |
| Centro catalogador/agencia de origen |
GW5XE |
| Lengua de catalogación |
eng |
| Normas de descripción |
rda |
| -- |
pn |
| Centro/agencia transcriptor |
GW5XE |
| Centro/agencia modificador |
OCLCO |
| -- |
AEU |
| 041 ## - CÓDIGO DE LENGUA |
| Código de lengua del texto/banda sonora o título independiente |
eng |
| 050 #4 - SIGNATURA TOPOGRÁFICA DE LA BIBLIOTECA DEL CONGRESO |
| Número de clasificación |
PE1478 |
| Número de documento/Ítem |
.W34 2013 |
| 100 ## - ENTRADA PRINCIPAL--NOMBRE DE PERSONA |
| Nombre de persona |
Wallwork, Adrian |
| Término indicativo de función/relación |
author |
| 9 (RLIN) |
25063 |
| 245 10 - MENCIÓN DE TÍTULO |
| Título |
English for academic research |
| Nombre de parte o sección de la obra |
: grammar exercises |
| Mención de responsabilidad, etc. |
/ Adrian Wallwork. |
| 246 30 - FORMA VARIANTE DE TÍTULO |
| Título propio/Titulo breve |
Grammar exercises |
| 250 ## - MENCIÓN DE EDICIÓN |
| Mención de edición |
Second edition. |
| 260 ## - PUBLICACIÓN, DISTRIBUCIÓN, ETC. |
| Lugar de publicación, distribución, etc. |
Cham, Switzerland : |
| Nombre del editor, distribuidor, etc. |
Springer, |
| Fecha de publicación, distribución, etc. |
2024. |
| 300 ## - DESCRIPCIÓN FÍSICA |
| Extensión |
236 pages : |
| Dimensiones |
23 cm. |
| 490 ## - MENCIÓN DE SERIE |
| Mención de serie |
English for academic research, |
| Número Internacional Normalizado para Publicaciones Seriadas |
2625-3453 |
| 500 ## - NOTA GENERAL |
| Nota general |
Includes index. |
| 520 ## - SUMARIO, ETC. |
| Sumario, etc. |
This book is based on a study of referees' reports and letters from journal editors on reasons why papers written by non-native researchers are rejected due to problems with English grammar. The exercises include the following areas: active vs passive, use of we articles (a/an, the, zero) and quant1ifiers (some, any, few etc.) conditionals and modals countable and uncountable nouns genitive infinitive vs -ing form numbers, acronyms, abbreviations relative clauses and which vs that tenses (e.g. simple present, simple past, present perfect) word order This new edition includes exercises on using Large Language Models for generating and correcting emails, plus a separate chapter on using automatic translation. English for Academic Research: Grammar Exercises is designed for self-study and there is a key to all exercises. Most exercises require no actual writing but simply choosing between various options, thus facilitating e-reading and rapid progress. The exercises can also be integrated into English for Academic Purposes (EAP) and English for Special Purposes (ESP) courses at universities and research institutes. The book can be used in conjunction with the other exercise books in the series and is cross-referenced to: English for Research: Usage, Style, and Grammar English for Writing Research Papers English for Academic Correspondence and Socializing Adrian Wallwork edits scientific papers and teaches English for Academic Purposes (EAP) to PhD students. In addition to his many books for Springer, he has written course books for Oxford University Press and discussion books for Cambridge University Press. |
| 650 #0 - PUNTO DE ACCESO ADICIONAL DE MATERIA--TÉRMINO DE MATERIA |
| Término de materia o nombre geográfico como elemento de entrada |
English language |
| Subdivisión general |
Grammar |
| Subdivisión de forma |
Problems, exercises, etc. |
| 9 (RLIN) |
25214 |
| 650 #0 - PUNTO DE ACCESO ADICIONAL DE MATERIA--TÉRMINO DE MATERIA |
| Término de materia o nombre geográfico como elemento de entrada |
Language and languages |
| 9 (RLIN) |
11810 |
| 650 #0 - PUNTO DE ACCESO ADICIONAL DE MATERIA--TÉRMINO DE MATERIA |
| Término de materia o nombre geográfico como elemento de entrada |
Grammar, Comparative and general |
| 9 (RLIN) |
25064 |
| 650 #0 - PUNTO DE ACCESO ADICIONAL DE MATERIA--TÉRMINO DE MATERIA |
| Término de materia o nombre geográfico como elemento de entrada |
Academic writing |
| Subdivisión de forma |
Problems, exercises, etc. |
| 9 (RLIN) |
25212 |
| 650 #0 - PUNTO DE ACCESO ADICIONAL DE MATERIA--TÉRMINO DE MATERIA |
| Término de materia o nombre geográfico como elemento de entrada |
English language |
| Subdivisión de forma |
Textbooks for foreign speakers |
| 9 (RLIN) |
6478 |
| 942 ## - ELEMENTOS DE ENTRADA AGREGADA (KOHA) |
| Fuente del sistema de clasificación o colocación |
Clasificación de Library of Congress |